Top 5 Songs On Alfredo (Freddie Gibbs, The Alchemist) - Statistics

General Stats
  • This quiz has been taken 9 times
  • The average score is 3 of 5
Answer Stats
Hint Answer % Correct
54,843,247 Something To Rap About(feat, Tyler, The Creator)
100%
24,757,495 1985
71%
21,717,849 Scottie Beam
71%
17,938,724 God Is Perfect
43%
10,512,467 Frank Lucas(feat. Benny the Butcher)
14%
No matching quizzes found
Score Distribution
Percent of People with Each Score
Percentile by Number Answered
Your Score History
You have not taken this quiz